Advanced Chemistry Physical and Industrial (Record no. 22)
[ view plain ]
| 000 -LEADER | |
|---|---|
| fixed length control field | 00445nam a22001817a 4500 |
| 003 - CONTROL NUMBER IDENTIFIER | |
| control field | SCME |
| 005 - DATE AND TIME OF LATEST TRANSACTION | |
| control field | 20170105095814.0 |
| 008 - FIXED-LENGTH DATA ELEMENTS--GENERAL INFORMATION | |
| fixed length control field | 110526t xxu||||| |||| 00| 0 eng d |
| 040 ## - CATALOGING SOURCE | |
| Transcribing agency | SCME |
| 100 ## - MAIN ENTRY--PERSONAL NAME | |
| Personal name | Philip Matthews |
| 9 (RLIN) | 488 |
| 245 ## - TITLE STATEMENT | |
| Title | Advanced Chemistry Physical and Industrial |
| 260 ## - PUBLICATION, DISTRIBUTION, ETC. | |
| Place of publication, distribution, etc. | South Assia |
| Name of publisher, distributor, etc. | Cambridge |
| Date of publication, distribution, etc. | 2006 |
| 300 ## - PHYSICAL DESCRIPTION | |
| Extent | 976p |
| 546 ## - LANGUAGE NOTE | |
| Language note | English |
| 563 ## - BINDING INFORMATION | |
| Binding note | HBC |
| 650 ## - SUBJECT ADDED ENTRY--TOPICAL TERM | |
| Topical term or geographic name entry element | Advanced Chemistry |
| 9 (RLIN) | 489 |
| 942 ## - ADDED ENTRY ELEMENTS (KOHA) | |
| Source of classification or shelving scheme | |
| Koha item type | Book |
| Withdrawn status | Lost status | Source of classification or shelving scheme | Damaged status | Not for loan | Collection code | Permanent Location | Current Location | Shelving location | Date acquired | Total Checkouts | Full call number | Barcode | Date last seen | Price effective from | Koha item type |
|---|---|---|---|---|---|---|---|---|---|---|---|---|---|---|---|
| Institute of Environmental Science and Engineering (IESE) | Institute of Environmental Science and Engineering (IESE) | General Stacks | 12/05/2016 | 540 MAT | IESE-1368 | 12/05/2016 | 12/05/2016 | Book | |||||||
| Institute of Environmental Science and Engineering (IESE) | Institute of Environmental Science and Engineering (IESE) | General Stacks | 12/05/2016 | 540 MAT | IESE-1369 | 12/05/2016 | 12/05/2016 | Book | |||||||
| Institute of Environmental Science and Engineering (IESE) | Institute of Environmental Science and Engineering (IESE) | General Stacks | 12/05/2016 | 540 MAT | IESE-1370 | 06/29/2022 | 12/05/2016 | Book | |||||||
| Institute of Environmental Science and Engineering (IESE) | Institute of Environmental Science and Engineering (IESE) | General Stacks | 12/05/2016 | 540 MAT | IESE-1371 | 12/05/2016 | 12/05/2016 | Book |
